[Event "Primorsko Dyuni op 1st"]
[Site "Primorsko"]
[Date "2016.05.21"]
[Round "1"]
[White "Koev, Koycho"]
[Black "Soilemetzidis, Konstantinos"]
[Result "0-1"]
[WhiteElo "1425"]
[BlackElo "2000"]
[PlyCount "74"]
[EventDate "2016.05.21"]
[EventType "swiss"]
[EventRounds "7"]
[EventCountry "BUL"]
[SourceTitle "CBM 172 Extra"]
[Source "ChessBase"]
[SourceDate "2016.06.21"]
[SourceVersion "1"]
[SourceVersionDate "2016.06.21"]
[SourceQuality "1"]

1. d4 g6 2. c4 Bg7 3. Nc3 c5 4. e3 Nf6 5. Nf3 0-0 6. Be2 cxd4 7. exd4 d5 8. 0-0 dxc4 9. Bxc4 Nc6 10. d5 Na5 11. Bb3 b6 12. Bf4 Bb7 13. Ba4 Nxd5 14. Nxd5 Qxd5 15. Qxd5 Bxd5 16. Rad1 Bxf3 17. gxf3 Bxb2 18. Rd7 Bf6 19. Rc1 Rfd8 20. Rcc7 Rxd7 21. Rxd7 Kg7 22. Bd2 Nc4 23. Bb4 Ne5 24. Rc7 Nxf3+ 25. Kg2 Nh4+ 26. Kf1 Nf5 27. Bc6 Be5 28. Bc3 Bxc3 29. Bxa8 Bb4 30. Rxa7 h5 31. a3 Bc5 32. Be4 Nd6 33. Rxe7 Kf6 34. Rc7 Nxe4 35. a4 Bxf2 36. Rc4 Nd2+ 37. Kxf2 Nxc4 0-1